000 00666cam a2200145 4500500
005 20260208010136.0
041 _afre
042 _adc
100 1 0 _aPety, Dominique
_eauthor
245 0 0 _aBARBARA BOHAC, Jouir partout ainsi qu’il sied. Mallarmé et l’esthétique du quotidien. Paris, Classiques Garnier, collection Études romantiques et dix-neuviémistes -22, 2012. Un vol. de 663 p.
260 _c2013.
500 _a3
786 0 _nRevue d'histoire littéraire de la France | 113 | 3 | 2013-09-25 | p. 691q-721q | 0035-2411
856 4 1 _uhttps://shs.cairn.info/revue-d-histoire-litteraire-de-la-france-2013-3-page-691q?lang=fr&redirect-ssocas=7080
999 _c1655263
_d1655263